| 000 | 00742nam a2200253 a 4500 | ||
|---|---|---|---|
| 001 | 32678 | ||
| 003 | BD-RjUL | ||
| 005 | 20211209051858.0 | ||
| 008 | 140427s1998 su a b 000 0 eng | ||
| 020 | _a998126119x | ||
| 035 | _a(BD-RjUL)32768 | ||
| 040 |
_aDLC _cDLC _beng _dBD-RjUL |
||
| 041 | _aeng | ||
| 082 |
_a297.9 _bDAU 1998 |
||
| 100 | 1 |
_aḌayf, Shawqī _999397 |
|
| 245 | 1 | 4 |
_aThe universality of Islam / _cShawqī Ḍayf; Abdelwahab El-Affendi; |
| 260 |
_aSaudi Arabia : _bThe Islamic Educational Center, _c1998. |
||
| 300 |
_a123 p. ; _c21 cm. |
||
| 650 | 0 |
_aIslam. _999398 |
|
| 650 | 0 |
_aIslam _xEssence, genius, nature. _950298 |
|
| 700 | 1 |
_aEl-Affendi, Abdelwahab _999399 |
|
| 942 |
_2ddc _cBK _03 |
||
| 999 |
_c32678 _d32678 |
||